| 000 | 00557nam a22001815i 4500 | ||
|---|---|---|---|
| 001 | 172110 | ||
| 003 | ES-MaACL | ||
| 005 | 20250808232101.0 | ||
| 008 | 090615s1974 sp |||| | spa d | ||
| 080 | _a342.727(460) | ||
| 100 | 1 |
_aSobrao Martínez, Francisco. _9106993 |
|
| 245 | 1 | 0 |
_aInformación y derecho de réplica / _cFrancisco Sobrao Martínez. |
| 260 |
_aMadrid : _bEditora Nacional, _c[1974] |
||
| 300 |
_a218 p. ; _c21 cm. |
||
| 650 | 1 | 7 |
_aDerecho de réplica _2embne _9140687 |
| 852 |
_aES-MaACL _jE-6883 _9R.91291 |
||
| 999 |
_c172110 _d172110 |
||